000 00432nam a2200157 a 4500
001 15241
005 20180713203852.0
008 140415s1994 000 0 spa d
020 _a0814125433
041 _aspa
082 _a016.3058
_bKAL
245 0 0 _aKALEIDOSCOPE :
_bA MULTICULTURAL BOOKLIST FOR GRADES K-8
260 _a[s.l.] :
_bNCTE,
_c1994
300 _a169
650 1 4 _aLITERATURA JUVENIL
_xBIBLIOGRAFIA
999 _c15241
_d15241